| 000 | 00893nam a22002417a 4500 | ||
|---|---|---|---|
| 999 |
_c10015 _d10015 |
||
| 003 | AR-CdUCM | ||
| 008 | 190329b ||||| |||| 00| 0 spa d | ||
| 040 |
_aMUNICIPALIDAD PROVINCIAL DEL CUSCO _cBIBLIOTECA MUNICIPAL DEL CUSCO |
||
| 082 |
_aES / 373.460 / _bG96 |
||
| 100 |
_aGutiérrez, Marco _910341 |
||
| 245 |
_aLengua : _bTeoría y Práctica de la Comunicación / |
||
| 260 |
_aLima : _bEdiciones Quilca |
||
| 300 |
_a191 páginas ; _bIlustraciones _c24cm |
||
| 440 |
_aColección Curriculum _n1 _926615 |
||
| 500 | _a1ro de Educación Secundaria | ||
| 505 | _aContenido: Comunicación -- Comunicación lingüística -- Niveles de la lengua -- La oración gramatical -- Oración bimembre y unimembre... | ||
| 650 |
_aLengua _92065 |
||
| 650 |
_aGramática _99175 |
||
| 650 |
_aOración _916660 |
||
| 700 |
_aRodríguez, Sergio _926616 |
||
| 942 |
_2ddc _cLIBROS |
||
| 945 | _anom | ||